[Event "Amager CC-ch"]
[Site "Amager"]
[Date "2010.03.02"]
[Round "4"]
[White "Hansen, Benny"]
[Black "Nielsen, Mogens Bach"]
[Result "0-1"]
[WhiteElo "1290"]
[BlackElo "1727"]
[PlyCount "56"]
[EventDate "2010.01.19"]
[EventType "swiss"]
[EventRounds "7"]
[EventCountry "DEN"]
[SourceTitle "EXT 2023"]
[Source "ChessBase"]
[SourceDate "2022.10.05"]
[SourceVersion "1"]
[SourceVersionDate "2022.10.05"]
[SourceQuality "1"]

1. e4 c5 2. Nf3 e6 3. d4 cxd4 4. Nxd4 Nc6 5. Be3 Qc7 6. Nc3 a6 7. Be2 Bd6 8. g3 Be7 9. Qd2 b5 10. f4 Bb7 11. Rf1 d6 12. Bf3 Nf6 13. 0-0-0 Nd7 14. Bh5 g6 15. Bf3 Na5 16. Nb3 Nc4 17. Qd4 Bf6 18. e5 dxe5 19. fxe5 Bxe5 20. Qd3 Bxf3 21. Rxf3 Nxe3 22. Qxe3 Bxc3 23. bxc3 Rc8 24. Qd4 Ne5 25. Rdf1 0-0 26. Re3 Nc4 27. Ref3 Qe7 28. Kd1 Rcd8 0-1

[Event "Amager CC-ch"]
[Site "Amager"]
[Date "2009.04.14"]
[Round "9"]
[White "Nielsen, Mogens Bach"]
[Black "Moller, Arne Vagn"]
[Result "1/2-1/2"]
[WhiteElo "1755"]
[BlackElo "1764"]
[PlyCount "91"]
[EventDate "2009.01.20"]
[EventType "swiss"]
[EventRounds "9"]
[EventCountry "DEN"]
[SourceTitle "EXT 2023"]
[Source "ChessBase"]
[SourceDate "2022.10.05"]
[SourceVersion "1"]
[SourceVersionDate "2022.10.05"]
[SourceQuality "1"]

1. c4 Nf6 2. Nc3 e6 3. e4 d6 4. d4 Be7 5. Nf3 Nc6 6. a3 0-0 7. Bd3 a6 8. 0-0 e5 9. d5 Na7 10. h3 c5 11. dxc6 bxc6 12. b4 Bd7 13. Be3 Qc7 14. Na4 c5 15. Rb1 Rfb8 16. bxc5 dxc5 17. Qc2 Qa5 18. Nc3 Nc6 19. Nd5 Nxd5 20. exd5 Nd4 21. Bxd4 exd4 22. Bxh7+ Kf8 23. Bf5 Bxf5 24. Qxf5 Kg8 25. Rxb8+ Rxb8 26. Ne5 Rf8 27. Nc6 Qc7 28. Re1 Bd6 29. Qe4 Qd7 30. Ne7+ Bxe7 31. Qxe7 Rd8 32. Qxd7 Rxd7 33. Re8+ Kh7 34. Rc8 d3 35. Rb8 Re7 36. Kf1 Re4 37. Rb3 d2 38. Rb1 Rxc4 39. Rd1 Rd4 40. Ke2 Rxd5 41. Rxd2 Re5+ 42. Kd3 Kg6 43. Kc4 f6 44. g3 Kf5 45. Rd5 Ke4 46. Rd3 1/2-1/2

[Event "Amager CC-ch"]
[Site "Amager"]
[Date "2009.03.17"]
[Round "6"]
[White "Varming, Thomas"]
[Black "Nielsen, Mogens Bach"]
[Result "0-1"]
[WhiteElo "1820"]
[BlackElo "1755"]
[PlyCount "94"]
[EventDate "2009.01.20"]
[EventType "swiss"]
[EventRounds "9"]
[EventCountry "DEN"]
[SourceTitle "EXT 2023"]
[Source "ChessBase"]
[SourceDate "2022.10.05"]
[SourceVersion "1"]
[SourceVersionDate "2022.10.05"]
[SourceQuality "1"]

1. d4 d5 2. Nf3 c6 3. c3 Bf5 4. Bf4 e6 5. Nbd2 Nd7 6. e3 Be7 7. Ne5 Nxe5 8. Bxe5 f6 9. Bg3 Qb6 10. Qb3 Nh6 11. Be2 Nf7 12. c4 Qxb3 13. Nxb3 Bb4+ 14. Kd1 Bd6 15. f3 Bxg3 16. hxg3 Ng5 17. Kd2 0-0-0 18. Ke1 Rhe8 19. Kf2 h6 20. Na5 e5 21. cxd5 Rxd5 22. b4 exd4 23. exd4 Rxd4 24. Nc4 Bd3 25. Bxd3 Rxd3 26. Rhe1 Rxe1 27. Rxe1 Kd7 28. Ke2 Rc3 29. Ne3 Ra3 30. Ra1 Ke6 31. Nc4 Rc3 32. Ne3 c5 33. bxc5 Rxc5 34. Kd3 Nf7 35. Re1 b6 36. f4 Kd6 37. Nc4+ Kd7 38. Ne3 Nd6 39. g4 Ra5 40. Re2 Ra3+ 41. Kd4 Ra4+ 42. Kd3 Rxf4 43. Nd5 Rxg4 44. Re7+ Kc6 45. Ne3 Ra4 46. Rxg7 Ra3+ 47. Ke2 Rxe3+ 0-1

[Event "Amager CC-ch"]
[Site "Amager"]
[Date "2009.02.26"]
[Round "1"]
[White "Nielsen, Mogens Bach"]
[Black "Nielsen, John Holm"]
[Result "1/2-1/2"]
[WhiteElo "1755"]
[BlackElo "2003"]
[PlyCount "65"]
[EventDate "2009.01.20"]
[EventType "swiss"]
[EventRounds "9"]
[EventCountry "DEN"]
[SourceTitle "EXT 2023"]
[Source "ChessBase"]
[SourceDate "2022.10.05"]
[SourceVersion "1"]
[SourceVersionDate "2022.10.05"]
[SourceQuality "1"]

1. c4 e5 2. Nc3 Nf6 3. Nf3 Nc6 4. e4 Bc5 5. Nxe5 Nxe5 6. d4 Bb4 7. dxe5 Nxe4 8. Qd4 Nxc3 9. bxc3 Be7 10. Bd3 d6 11. exd6 Qxd6 12. 0-0 0-0 13. Bf4 Qxd4 14. cxd4 Bf6 15. Bxc7 Bxd4 16. Rad1 Bb6 17. Bxb6 axb6 18. Rd2 Be6 19. Rb1 Rfd8 20. Rbd1 Kf8 21. Bf1 Ke7 22. f3 Rxd2 23. Rxd2 Rd8 24. Rxd8 Kxd8 25. Kf2 b5 26. cxb5 Bxa2 27. Ke3 Kc7 28. Kd4 f6 29. Bc4 Bxc4 30. Kxc4 Kd6 31. Kd4 g6 32. f4 g5 33. g3 1/2-1/2